LEADER 01021nam a2200253 i 4500 001 000000172825 003 CaOOAMICUS 005 20080630000000.0 008 080630s2000 it u000 u ita u 013 $a150269 020 $a88-7030-743-3 040 $aSeMil$bita 100 1 $aMondin, Battista,$c.$0(OLS)http://semarc/name/767 245 10$aEssere cristiani oggi :$bguida al Cristianesimo /$cBattista Mondin. 260 $aMilano :$bMassimo,$ccopyr. 2000. 300 $a360 p. ;$c24 cm. 500 $aContiene : Bibliografia. 650 4$aCristianesimo - Sec. 21.$0(OLS)http://semarc/subject/18729 850 $aSeMil 852 $aSeMil$W1$xVenegono$y1$m2D VI 13$j123677$B123677$CSeMilBibl$Z2$F135630 $81 961 $aOmaggio: Biblioteca Ambrosiana 996 $6020$a88-7030-743-3$9(OLS)http://semarc/number/160365 996 $6245$aEssere cristiani oggi :$bguida al Cristianesimo$9(OLS)http://semarc/title/247590 996 $6260$aMilano :$bMassimo$9(OLS)http://semarc/publisher/30297 LEADER 00928nam a2200229 i 4500 001 000000199437 003 CaOOAMICUS 005 20110323000000.0 008 110323n it u000 u ita u 013 $a178128 040 $aSeMil$bita 100 1 $aMaggioni, Bruno,$d<1932-2020>.$0(OLS)http://semarc/name/4235 245 10$aFede e politica nel Nuovo Testamento /$cBruno Maggioni. 260 $aMilano :$bAzione Cattolica,$c[19--?] 300 $a23 p. ;$c21 cm. 500 $aTitolo e responsabilità da copertina. 773 0 $t[Evangelizzazione e promozione umana].$dMilano : Azione Cattolica, [19--?]$g3$w()24601 850 $aSeMil 852 $aSeMil$W1$xVenegono$y1$m5D VIII 17/22$j149990$B149990$CSeMilBibl$Z2$F161344 $81 961 $aOmaggio: Altro 996 $6245$aFede e politica nel Nuovo Testamento$9(OLS)http://semarc/title/288362 996 $6260$aMilano :$bAzione Cattolica$9(OLS)http://semarc/publisher/36215